000 00898nam a2200265Ia 4500
003 OSt
005 20221005111145.0
006 a|||||r|||| 00| 0
007 ta
008 221004b |||||||| |||| 00| 0 hin d
020 _a9789350728697 (hbk)
_c250
024 _a17704
037 _b516, 21/03/2015, Vani Prakashan
_cTextual
040 _aCRL
_cCRL
_bhin
041 _2hin
_ahin
082 _aO152,3NSA,AS, Q5
100 _aप्रदीप सौरभ
245 0 _aऔर सिर्फ तितली
246 _aAur sirfa titalī
260 _aनई दिल्ली
_bवाणी प्रकाशन भारत
_c2015
300 _a174पृ0
_ccm.
650 _aहिन्दी साहित्य
942 _hO152,3NSA,AS, Q5
_cTEXL
_2cc
999 _c1020983
_d1020983